000 00462nam a2200193Ia 4500
003 GCL
008 140319s9999 xx 000 0 eng d
040 _aGCL /
_cGCL
082 0 4 _aCC
_b709.32
_bE K
100 1 _aEDITIONS ATLAS
245 1 0 _aKARNAK ET LOUXOR /
_cEDITIONS ATLAS
260 _a[S.N] :
_bEDITIONS ATLAS ،
_c1986
300 _a76 PP
650 0 4 _aLOUXOR
650 0 4 _aART- EGYPT
650 0 4 _aTEMPLES
650 0 4 _aKARNAK
942 _2ddc
_cBK
999 _c18871
_d18871